| 000 | 01076nam a22002895a 4500 | ||
|---|---|---|---|
| 005 | 20080522115808.0 | ||
| 008 | 080520s2008 nyu 000 0 eng | ||
| 010 | _aENG-95811 | ||
| 020 |
_a9788124604731 _c1400.00 |
||
| 020 |
_a8124604738 _c1400.00 |
||
| 035 | _aEN-79344 | ||
| 037 | _bDBAD/PUB | ||
| 040 | _aDPL | ||
| 082 | _a793.31954 | ||
| 100 |
_aSrivastava, Ranjana _d1948- |
||
| 245 |
_aKathaka : _cby Ranjana Srivastava _bthe tradition / |
||
| 250 | _a. | ||
| 260 |
_aNew Delhi _bD.K. Printworld (P) Ltd. _c2009 |
||
| 270 |
_a'Sri Kunj' F-52, Bali Nagar _bNew Delhi _e110015 |
||
| 300 |
_axx,268p. _bcol. & b/w photos _c24cm, (Hb) |
||
| 490 |
_aNew vistas in Indian performing arts; _vno. 9 |
||
| 500 | _a Includes bibliographical references and index | ||
| 650 |
_aKathaka (Dance) _xHistory |
||
| 942 |
_2ddc _cEN _mSRI _h793.31954 |
||
| 999 |
_c33573 _d33573 |
||